| 000 | 00800nam a2200253Ia 4500 | ||
|---|---|---|---|
| 003 | OSt | ||
| 005 | 20260302153933.0 | ||
| 008 | 210716s2017 xx 000 0 und d | ||
| 020 | _a9789383866489 | ||
| 040 | _cAIMIT LIBRARY | ||
| 041 | _aeng | ||
| 082 |
_a336.242 _238 _bMEHH |
||
| 100 |
_aMehrotra, H C. _9257218 |
||
| 245 |
_aIncome tax: _bincluding tax planning and management / _cBy H.C. Mehrotra and S.P. Goyal. |
||
| 250 | _a38 | ||
| 260 |
_aAgra _bSahitya Bhawan Publications _c2017 |
||
| 300 |
_aiv,867,159 p.; _bPB _c24.4 cm. |
||
| 440 |
_aAssessment year 2017-18 _9257221 |
||
| 650 |
_aIntroduction and important definitions _9257219 |
||
| 650 |
_aIncome from salaries _9257254 |
||
| 650 |
_aCapital gains _9257255 |
||
| 700 |
_aGoyal, S.P. _9257256 |
||
| 942 |
_2ddc _cBK _k336.242 MEHH |
||
| 999 |
_c210208 _d210208 |
||